|
|
|
|
| LEADER |
00000nab a2200000 a 4500 |
| 001 |
vtls000026523 |
| 003 |
SK-MaSNL |
| 005 |
20260304073554.0 |
| 008 |
250422c1979 xo 0 slo |
| 015 |
|
|
|a SNBRB19rr/mm-uuuuu
|
| 035 |
|
|
|a CL0036617
|
| 035 |
|
|
|a urn:nbn:sk:snk-ab1jjh
|
| 035 |
|
|
|a (urnnbn)urn:nbn:sk:snk:ar-0045xg
|
| 035 |
|
|
|a (uuid)00441a80-ba0f-4d13-abef-710f9f7693f5
|
| 040 |
|
|
|a SNKBUCL
|b slo
|c SNKBUCL
|e AACR2
|
| 041 |
0 |
|
|a slo
|
| 044 |
|
|
|a xo
|c SK
|
| 080 |
|
|
|a 002.6:801.3
|2 1981
|
| 080 |
|
|
|a 801.3
|2 1981
|
| 100 |
1 |
|
|a Šímová, Viera,
|d 1922-2007
|4 aut
|9 80054
|
| 245 |
1 |
0 |
|a Lexikografická práca v informatike
|b III. časť. O prekladových slovníkoch
|c Viera Šimová, Marta Nálevková
|
| 650 |
0 |
7 |
|a informatika
|2 snkbucl
|9 1124
|
| 650 |
0 |
7 |
|a slovníky prekladové
|2 snkbucl
|9 969079
|
| 655 |
|
7 |
|a články z novín a časopisov
|2 snkbucl
|9 267496
|
| 655 |
|
7 |
|a články z odboru knihovníctvo
|2 snkbucl
|9 166141
|
| 700 |
1 |
|
|a Nálevková, Marta
|4 aut
|9 288508
|
| 773 |
0 |
|
|t Knižnice a vedecké informácie
|g Roč. 11, č. 2 (1979), s. 61-68
|
| 850 |
|
|
|a Slovenská národná knižnica
|
| 852 |
|
|
|a Slovenská národná knižnica
|
| 954 |
|
|
|a odborná, vedecká literatúra pôvodná (slovenská)
|2 lita
|
| 958 |
|
|
|a article2022
|
| 958 |
|
|
|a RK
|
| 958 |
|
|
|a KL
|
| 958 |
|
|
|a OND
|
| 958 |
|
|
|a EUIPO
|
| 992 |
|
|
|a RBX
|
| 999 |
|
|
|c 2772205
|d 2774135
|